| 000 | 00473nam a2200181Ia 4500 | ||
|---|---|---|---|
| 008 | 130318s9999 xx 000 0 und d | ||
| 020 | _a8126509333 | ||
| 082 | _a620.0042 RAV/E | ||
| 100 | _aRavindran, A | ||
| 245 | _aEngineering optimization: Methods and applications | ||
| 250 | _a2 | ||
| 260 |
_bWiley _aNew Delhi _c2006 |
||
| 300 | _a667 | ||
| 650 | _aENGINEERING DESIGN | ||
| 650 | _aENGINEERING OPTIMIZATION | ||
| 700 | _aRagsdell, KM | ||
| 700 | _aReklaitis, G.V | ||
| 999 |
_c2152 _d2152 |
||